000 00524nam a2200169Ia 4500
003 GCL
008 140319s9999 xx 000 0 ara d
040 _aGCL /
_cGCL
082 0 4 _a530
_bوف
100 1 _aوبكمان, ايفينذ هـ
245 1 0 _aالفيزياء الكمية: مقرر بيركلى فى الفيزياء- مج 4 /
_cوبكمان, ايفينذ هـ
260 _a[S.N] :
_bمبدلات المحدوده ،
_c1971
300 _a573 ص
490 _a
650 0 4 _aالفيزياء
942 _2ddc
_cBK
999 _c54478
_d54478